Logo BPK

Biblioteka

Politechniki Koszalińskiej

Polsko-francuski słownik tematyczny / (Rekord nr 34264)

Szczegóły MARC
000 -ETYKIETA REKORDU
podpole kontrolne o stałej długości 00581nam a2200193 i 4500
001 - NUMER KONTROLNY REKORDU
pole kontrolne bg
020 ## - MIĘDZYNARODOWY ZNORMALIZOWANY NUMER KSIĄŻKI - ISBN
ISBN 8386773057
040 ## - ŹRÓDŁO KATALOGOWANIA
Instytucja, która utworzyła rekord BPK
041 0# - KOD JĘZYKA
Kod języka tekstu frpl
080 ## - UNIWERSALNA KLASYFIKACJA DZIESIĘTNA - UKD
UKD 811.162.1::811.133.1]'374
920 ## - Międzynarodowy znormalizowany numer książki – ISBN
ISBN 83-86773-05-7
008 - POLE O STAŁEJ DŁUGOŚCI - DANE KONTROLNE
podpole kontrolne o stałej długości s pl f |000 0 pol
100 1# - NAZWA OSOBOWA
Nazwa osobowa SŁOBODSKA, Mirosława.
245 10 - TYTUŁ/ODPOWIEDZIALNOŚĆ
Tytuł Polsko-francuski słownik tematyczny /
Pozostałe elementy strefy tytułu i oznaczenia odpowiedzialności Mirosława Słobodska.
260 ## - STREFA ADRESU WYDAWNICZEGO
Miejsce wydania Warszawa :
Nazwa wydawcy/dystrybutora Harald G Dictionaries. Przedsiębiorstwo Wydawnicze,
Data publikacji, dystrybucji/powstania dokumentu [1996].
300 ## - STREFA OPISU FIZYCZNEGO
Objętość 381, [3] s. :
Inne cechy fizyczne rys. ;
Rozmiary 20 cm.
650 #4 - HASŁO PRZEDMIOTOWE W FORMIE NAZWY OGÓLNEJ LUB JEDNOSTKOWEJ
Nazwa ogólna lub geograficzna Słowniki polsko-francuskie
942 ## - DODATKOWE ELEMENTY (KOHA)
Typ dokumentu Książka
Egzemplarze
Wycofany Status egzemplarza Uszkodzony Dostępność Lokalizacja stała Lokalizacja bieżąca Miejsce przechowywania Sygnatura Kod kreskowy Dział Typ dokumentu
      Tylko na miejscu Biblioteka Politechniki Koszalińskiej Biblioteka Politechniki Koszalińskiej Czytelnia Wydziałowa ul. Kwiatkowskiego 6e 46968 01380613 811.133.1(03) Język francuski - encyklopedie, słowniki Książka
© 2023 Biblioteka Politechniki Koszalińskiej :: KOHA